| 000 | 00564nam a2200193Ia 4500 | ||
|---|---|---|---|
| 005 | 20250508160844.0 | ||
| 008 | 008 250505s9999 xx 000 0 hin d | ||
| 037 | _aBooks to be hide in OPAC | ||
| 040 |
_aFEDL _beng _cFEDL |
||
| 041 |
_ahin _2hin |
||
| 084 |
_a370.1, MAT/O _qFEDL |
||
| 100 |
_aMathur S S _9762455 |
||
| 245 | 0 | _aSiksha siddhant : Shiksha ke darshinik thata samajik adhar | |
| 260 |
_aAgra, India _bVinod Pustak Mandir _c1974 |
||
| 300 | _a404p | ||
| 365 |
_aINR _b10 |
||
| 942 |
_cHB _h370.1, MAT/O |
||
| 999 |
_c1367015 _d1367015 |
||